Guess the 1970s song lyrics #21 - Statistics

General Stats
  • This quiz has been taken 63 times
  • The average score is 126 of 225
Answer Stats
Answer % Correct
I
100%
the
96%
A
95%
a
95%
in
88%
it
82%
you
81%
no
74%
And
72%
of
70%
day
68%
is
68%
Can
67%
can
67%
For
65%
for
65%
was
63%
on
61%
think
61%
time
61%
been
60%
man
60%
park
60%
Every
58%
I've
58%
all
56%
All
56%
If
56%
not
56%
Yes
53%
yes
53%
July
49%
fourth
47%
People
47%
people
47%
long
46%
Saturday
46%
us
46%
Will
44%
his
42%
song
42%
oh
40%
such
40%
days
39%
day's
39%
Play
39%
play
39%
Singing
39%
singing
39%
him
37%
playing
35%
Another
33%
cream
33%
ice
33%
laughing
33%
selling
33%
songs
33%
waiting
33%
Waiting
33%
dancing
32%
dig
32%
guitar
32%
tell
32%
today
32%
want
32%
real
30%
yeah
30%
Italian
28%
lost
26%
talking
26%
way
26%
children
21%
help
19%
smiling
19%
world
19%
motion
18%
own
18%
really
18%
Slow
18%
still
18%
change
16%
colors
16%
Listen
16%
celebration
14%
riders
14%
stories
12%
ci
9%
touching
9%
bronze
7%
fly
7%
Funny
7%
reaching
5%
Eh
4%
Cumpari
2%
sunari
2%
vo
2%
No matching quizzes found
Score Distribution
Percent of People with Each Score
Percentile by Number Answered
Your Score History
You have not taken this quiz